000
00200 a2200097 4500
020
_a
9780983321507
041
_a
spa
100
_a
Wendy Abarca
245
_a
Los animales son unicos como tu
942
_c
K
999
_c
28705
_d
28705